The roaring 80s

সংরক্ষণ করুন:
গ্রন্থ-পঞ্জীর বিবরন
প্রধান লেখক: Smith, Adam
বিন্যাস: গ্রন্থ
ভাষা:Undetermined
প্রকাশিত: New York Summit Books 1988
বিষয়গুলি:
ট্যাগগুলো: ট্যাগ যুক্ত করুন
কোনো ট্যাগ নেই, প্রথমজন হিসাবে ট্যাগ করুন!
Thư viện lưu trữ: Trung tâm Học liệu Trường Đại học Cần Thơ
LEADER 00472nam a2200193Ia 4500
001 CTU_86981
008 210402s9999 xx 000 0 und d
082 |a 330.973 
082 |b S642 
100 |a Smith, Adam 
245 4 |a The roaring 80s 
245 0 |c Adam Smith 
260 |a New York 
260 |b Summit Books 
260 |c 1988 
650 |a Economic history 
650 |y 1971- 
904 |i Tuyến 
980 |a Trung tâm Học liệu Trường Đại học Cần Thơ